000 00986cam a2200277 a 4500
001
003 DO-SdBNP
005 20210520101258.0
007
008 720516s 2017 dr 000 0 spa
040 _aBPMSU
_cspa
_dBPMSU
082 _aRD861.44
_bI37y
_222
100 1 _aInchaustegui Cabral, Héctor
_d1912-1978
245 1 0 _aYerbas bajo las piedras :
_b[selección poética] /
_cHéctor Inchaustegui Cabral ; selección y prólogo de José Enrique García
260 _aSanto Domingo:
_bMinisterio de Cultura ;
_bEditora Nacional,
_c2017
300 _a228 p. ;
_c21 cm.
490 0 _aBiblioteca Dominicana Básica
_v9
500 _3Incluye datos biográficos del autor en la solapa de la cubierta
590 _6Inventariado, 2021/VM
650 4 _aPoesía dominicana
_vColecciones
650 4 _aLiteratura dominicana
700 1 _aGarcía, José Enrique
_epról.
710 1 _aMinisterio de Cultura (República Dominicana)
910 _aVMateo
942 _2ddc
_cBK
999 _c13517
_d13517